000 01227nam a2200325Ia 4500
001 12965
003 IT-RoPAU
008 130308s9999 xx 000 0 und d
040 _aIT-RoPAU
040 _cIT-RoPAU
041 _aFRANCESE
100 _aTroubetzkoy Nicolas
100 _gCodice Aut. SPICS: 324
240 _aGRUNDZUGE DER PHONOLOGIE
240 _gCodice Tit. Orig. Spics: T0840
245 _aPrincipes de phonologie (1976)
245 _bPrincipes de Phonologie (1976)
250 _a2a ed.
260 _aPARIS
260 _bKlincksieck
260 _c1976 [1° Ed.:1970 - Ed.Ling.Originale:1939]
300 _a"430 p. (prefazione: 34; testo: 396)"
500 _aPrincipi di Fonologia regole per la Determinazione dei Fonemi classificazione Logica delle Opposizioni Distintive sistemi Fonologici delle Opposizioni Foniche Distintive caratteristiche delle Vocali Consonanti caratteristiche Prosodiche Elementi Distintivi Anomali Tipi di Neutralizzazioni delle Opposizioni Distintive gruppi di Fonemi Statistiche Fonologiche Funzione Fonica Differenziale Segno
650 _aLINGUISTICA
650 _eCodice materia Spics: 3201
942 _cBK
957 _71
999 _c65635
_d65635
999 _bSI
999 _g1